[Event "Heusenstamm Sparkassen op U14 4th"]
[Site "Heusenstamm"]
[Date "2017.11.25"]
[Round "2"]
[White "Jonuzi, Lavdim"]
[Black "Fuerschbach, Nino Matteo"]
[Result "0-1"]
[WhiteElo "758"]
[BlackElo "930"]
[PlyCount "86"]
[EventDate "2017.11.24"]
[EventType "swiss"]
[EventRounds "5"]
[EventCountry "GER"]
[SourceTitle "EXT 2019"]
[Source "ChessBase"]
[SourceDate "2018.10.10"]
[SourceVersion "1"]
[SourceVersionDate "2018.10.10"]
[SourceQuality "1"]

1. e4 e5 2. Nf3 Nc6 3. Bc4 d6 4. 0-0 Nf6 5. Nc3 Bg4 6. h3 Bh5 7. g4 Bg6 8. d3 Be7 9. Be3 0-0 10. a4 Re8 11. Rb1 a6 12. b4 Qd7 13. b5 axb5 14. Bxb5 d5 15. exd5 Nxd5 16. Nxd5 Qxd5 17. c4 Qd6 18. c5 Qd5 19. Bc4 Qd7 20. Rxb7 Na5 21. Rb4 Red8 22. Nxe5 Qe8 23. Bb5 c6 24. Bc4 Nxc4 25. Rxc4 Bf6 26. f4 Bxe5 27. fxe5 Rxd3 28. Qe2 Qxe5 29. Rff4 Rxe3 30. Qf2 Re8 31. Qh4 Re1+ 32. Kf2 Qe3+ 33. Kg2 f6 34. Rf3 Qe2+ 35. Rf2 Qxc4 36. g5 Qxh4 37. Rf3 Qxg5+ 38. Rg3 R8e2+ 39. Kf3 Qe3+ 40. Kg4 f5+ 41. Kh4 Qe4+ 42. Kg5 Qe5 43. a5 Qxg3# 0-1